Vida y virtudes del beato Marcelino Champagnat, fundador de los HH. maristas /

El santo francés Marcelino Champagnat (1789-1840) fue fundador en 1817 de los Hermanos Maristas, comunidad religiosa dedicada a la educación. Un año después abrió la primera escuela, que a su muerte ya se había multiplicado por 48. En la actualidad la orden suma arriba de seis mil miembros, establec...

Descripció completa

Guardat en:
Dades bibliogràfiques
Autor principal: Edelvives (autor)
Format: Llibre
Idioma:espanyol
Publicat: Zaragoza, España : Luis Vives, 1955, c1955
Matèries:
Etiquetes: Afegir etiqueta
Sense etiquetes, Sigues el primer a etiquetar aquest registre!

MARC

LEADER 00000nam^a2200000^a^4500
001 000365900
005 20250521000000.0
009 20260310115656.664
037 |a Acervo ITESO - Biblioteca 
041 |a ESP 
082 |a 255. 7920092  |b EDE 
100 |a Edelvives  |e (autor) 
245 1 0 |a Vida y virtudes del beato Marcelino Champagnat, fundador de los HH. maristas /  |c Edelvives. 
264 4 |a Zaragoza, España :  |b Luis Vives,  |c 1955, c1955 
300 |a 404 p. 
336 |a texto  |b txt  |2 rdacontenido 
337 |a sin mediación  |b n  |2 rdamedio 
338 |a volumen  |b nc  |2 rdasoporte 
520 |a El santo francés Marcelino Champagnat (1789-1840) fue fundador en 1817 de los Hermanos Maristas, comunidad religiosa dedicada a la educación. Un año después abrió la primera escuela, que a su muerte ya se había multiplicado por 48. En la actualidad la orden suma arriba de seis mil miembros, establecidos en más de 70 naciones del mundo. Beatificado por Pío XII en 1955, Juan Pablo II lo canonizó en 1999. 
561 |a Ex libris de Biblioteca Magnopontanae Domus 
649 |a XX 
650 |a Santos Franceses -  |x Biografías -  |x Tema Principal 
650 |a Maristas -  |x Biografías 
650 |a Religiosos Franceses 
650 |a Ministros Religiosos Franceses -  |x Biografías 
650 |a Maristas en Francia -  |x Historia 
650 |a Maristas en la Educación -  |x Historia 
650 |a Monasticismo y Ordenes Religiosas -  |z Francia -  |x Historia 
650 |a Iglesia y Educación -  |z Francia -  |x Historia 
650 |a Iglesia Católica en Francia -  |x Historia 
650 |a Catolicismo -  |z Francia -  |x Historia 
650 |a Cristianismo -  |z Francia -  |x Historia 
650 |a Religión -  |z Francia -  |x Historia 
650 |a Francia -  |x Historia -  |y Restauración, 1815-1848 
650 |a Francia -  |x Historia -  |y Revolución Liberal Burguesa, 1774-1848 
650 |a Francia -  |x Historia -  |y Siglo XIX 
650 |a Champagnat, Marcelino -  |x Tema Principal 
910 |a Fondo General 
920 |a Impresos - Libros 
930 |a Colección General 
905 |a 101 
901 |a 0500260010  |b IT1  |c ACC  |i D75180  |u 20250521 
902 |a https://opac.biblio.iteso.mx/vufind/Record/000365900